LEADER 01188nam a2200277 u 4500 001 000000084723 003 CaOOAMICUS 005 20070226124117.0 008 050718s2001 ne u000 u eng u 020 $a90-411-1656-7 035 $a11053681 040 $aPUL$bita 245 00$aLegal cultures and human rights :$bthe challenge of diversity /$cedited by Kirsten Hastrup. 260 $aDordrecht :$bKluwer Law International,$c2001. 300 $avii, 199 p. ;$c24 cm 504 $aBibliografia in nota. 650 4$aDiritti umani.$0(OLS)http://pul/subject/3219 650 4$aMulticulturalismo.$0(OLS)http://pul/subject/23034 700 1 $aHastrup, Kirsten.$0(OLS)http://pul/name/55779 850 $aPUL 852 $aPUL$W1$xSL Diritto e Scienze Sociali 3$y79$m323 Haski 1$j107720$nBK-PRI$b $qDDC 21$B107720$CPULBib$Z2$F107720 $HPUL99241 $81 941 1 $a9 960 $aDiritti dell'uomo$93219 996 $6020$a90-411-1656-7$9(OLS)http://pul/number/112219 996 $6245$aLegal cultures and human rights :$bthe challenge of diversity$9(OLS)http://pul/title/110141 996 $6260$aDordrecht :$bKluwer Law International$9(OLS)http://pul/publisher/76885 LEADER 01369nam a2200325 u 4500 001 000000143653 003 CaOOAMICUS 005 20150527143832.0 008 150527s2015 it u000 u ita r 020 $a978-88-6689-632-6 040 $aPUL$bita 082 04$a348.45 110 1 $aItalia.$0(OLS)http://pul/name/1188 240 10$aCodice della strada (2015).$0(OLS)http://pul/title/181750 245 13$aIl nuovo codice della strada :$bil regolamento, il prontuario delle infrazioni /$ca cura di Potito L. Iascone. 250 $a27. ed. 260 $aPiacenza :$bLa tribuna,$cc2015. 300 $a949 p. ;$c19 cm 490 1 $aI codici vigenti 2015 500 $aComprende indici. 700 1 $aIascone, Potito L,$d1935-$0(OLS)http://pul/name/47663 830 0$aCodici vigenti 2015.$0(OLS)http://pul/title/181748 850 $aPUL 852 $aPUL$W1$xDP2 Diritto e Scienze Sociali 3$y110$m348. 45 COD 3.1.32$j165739$qDDC 21$B166084$CPULBib$Z2$F166084 $H125935 $82 941 1 $a9 996 $6020$a978-88-6689-632-6$9(OLS)http://pul/number/157682 996 $6082$a348.45$9(OLS)http://pul/classification/373 996 $6245$aIl nuovo codice della strada :$bil regolamento, il prontuario delle infrazioni$9(OLS)http://pul/title/181751 996 $6260$aPiacenza :$bLa tribuna$9(OLS)http://pul/publisher/62750